Vista normal Vista MARC

Entrada Nombre geográfico

Número de registros utilizados en: 1

001 - NÚMERO DE CONTROL

  • campo de control: 35051

003 - IDENTIFICADOR DE NÚMERO DE CONTROL

  • campo de control: mxcmmo

005 - FECHA Y HORA DE LA ÚLTIMA TRANSACCIÓN

  • campo de control: 20241018001317.0

008 - ELEMENTOS DE DATO DE LONGITUD-FIJA

  • campo de control de longitud fija: 241018|| aca||aabn | a|a d

040 ## - FUENTE DE CATALOGACIÓN

  • Centro catalogador/agencia de origen: mxcmmo
  • Centro/agencia transcriptor: mxcmmo

151 ## - ENCABEZAMIENTO--NOMBRE GEOGRÁFICO

  • Nombre geográfico: París (Francia)
  • Subdivisión general: Descripción y viajes
  • Subdivisión cronológica: 1914-1940
  • Subdivisión general: Relatos personales

670 ## - FUENTE DE DATOS ENCONTRADOS

  • Cita de la fuente: Work cat.: (mxcmmo)17815: Tablada, José Juan 1871-1945 autor 12524, Los días y las noches de París